Tự học phiên âm phát âm tiếng Hán

Nội dung cuốn sách gồm 10 bài. Bài đầu giứoi thiệu khái quát hệ thống phát âm của tiếng phổ thông. Từ bài Chương 2 đến bài 9 giới thiệu cụ thể cách đọc từng âm đồng thời hướng dẫn học 21 phụ âm và 36 nguyên âm....

תיאור מלא

שמור ב:
מידע ביבליוגרפי
מחבר ראשי: Gia Linh
פורמט: ספר
שפה:Undetermined
יצא לאור: Hà Nội Từ điển Bách khoa 2007
נושאים:
תגים: הוספת תג
אין תגיות, היה/י הראשונ/ה לתייג את הרשומה!
Thư viện lưu trữ: Trung tâm Học liệu Trường Đại học Cần Thơ
LEADER 00894nam a2200205Ia 4500
001 CTU_155400
008 210402s9999 xx 000 0 und d
020 |c 12000 
082 |a 495.1 
082 |b Gi100 
100 |a Gia Linh 
245 0 |a Tự học phiên âm phát âm tiếng Hán 
245 0 |c Gia Linh 
260 |a Hà Nội 
260 |b Từ điển Bách khoa 
260 |c 2007 
520 |a Nội dung cuốn sách gồm 10 bài. Bài đầu giứoi thiệu khái quát hệ thống phát âm của tiếng phổ thông. Từ bài Chương 2 đến bài 9 giới thiệu cụ thể cách đọc từng âm đồng thời hướng dẫn học 21 phụ âm và 36 nguyên âm. 
650 |a Chinese language,Tiếng Hoa 
904 |i QHieu 
980 |a Trung tâm Học liệu Trường Đại học Cần Thơ